000 01410nam a2200325 c 4500
003 BLK
005 20180422112231.0
008 180409b bul|||||r ||||||| ||bul||
010 _aKNG00145847000
040 _aBLK
041 _aBUL
_cBUL
080 _aБългарска литература
_b821.163.2
_x-93-32
_z821.163.2-93-32
100 1 _aГригоров, Крум
_eпърви автор
_gЗахариев, Крум Григоров
_9377033
700 1 _aСтоев, Борислав
_eхудож.
_9372214
700 1 _aЗахариев, Крум Григоров
_e*
_9276532
139 _aГригоров, Крум
_bГ 82
245 1 0 _aПилчар
_bРазказ
_cКрум Григоров; худож. Борислав Стоев; * Крум Григоров Захариев.
257 _aBGR
260 София
_bБълг. художник
_c1961
_fСофия : ПК Д. Благоев
300 _a13 с.
_bс ил.
_c22Х32 см
380 _aDX
500 _aПълното име на авт. е Крум Григоров Захариев. - 60 100 тир.
653 _aлитература за деца
653 _aдетска литература
852 _aЦб 260804
856 4 _qpdf
_u
856 4 _qpdf
_u
942 _cKNG
_n0
944 _aCR
_c15.07.2013
_l15.07.2013 - от С1,Р / 15.07.2013
_kПолина_Златанова
944 _aED
_c15.07.2013
_l15.07.2013 - от С1,Р / 15.07.2013
_k
999 _c139797
_d139797